[Event "NEP-ch Seniors 5th"]
[Site "Kathmandu"]
[Date "2022.11.07"]
[Round "7"]
[White "Shrestha, Janardan"]
[Black "Nepali, Badrilal"]
[Result "1/2-1/2"]
[WhiteElo "1873"]
[BlackElo "1945"]
[PlyCount "104"]
[EventDate "2022.11.05"]
[EventType "swiss"]
[EventRounds "7"]
[EventCountry "NEP"]
[SourceTitle "CBM 211 Extra"]
[Source "ChessBase"]
[SourceDate "2023.01.31"]
[SourceVersion "1"]
[SourceVersionDate "2023.01.31"]
[SourceQuality "1"]

1. d4 Nf6 2. c4 c5 3. d5 e6 4. dxe6 fxe6 5. Bg5 Nc6 6. Nc3 Be7 7. e3 0-0 8. Nf3 Qa5 9. Qd2 Rd8 10. e4 Nd4 11. 0-0-0 d6 12. Kb1 Bd7 13. Nxd4 cxd4 14. Nd5 Qxd2 15. Nxe7+ Kf7 16. Bxd2 Nxe4 17. Be1 Kxe7 18. Rxd4 Bc6 19. f3 Nf6 20. Bh4 d5 21. c5 e5 22. Rd2 e4 23. Rd4 Kf7 24. Be2 Re8 25. Bxf6 gxf6 26. fxe4 Rxe4 27. Rxe4 dxe4 28. Kc2 f5 29. Rf1 Ke6 30. g4 fxg4 31. Bxg4+ Ke5 32. Kc3 e3 33. Rf5+ Ke4 34. Rf7 Rd8 35. Bf3+ Ke5 36. Re7+ Kf4 37. Rf7+ Kg5 38. h4+ Kg6 39. Rf4 Bxf3 40. Rxf3 Re8 41. Rf1 Kh5 42. Kd3 Kxh4 43. Ke2 Re7 44. b4 a6 45. a4 h5 46. b5 axb5 47. axb5 Kg4 48. c6 bxc6 49. bxc6 h4 50. Rc1 Rc7 51. Kxe3 h3 52. Ke4 h2 1/2-1/2

[Event "Liwali Bhaktapur Cup"]
[Site "Liwali"]
[Date "2021.03.16"]
[Round "6.2"]
[White "Niraula, Bhupendra"]
[Black "Nepali, Badrilal"]
[Result "0-1"]
[WhiteElo "1987"]
[BlackElo "1986"]
[PlyCount "52"]
[EventDate "2021.03.13"]
[EventType "team-swiss"]
[EventRounds "7"]
[EventCountry "NEP"]
[SourceTitle "EXT 2022"]
[Source "ChessBase"]
[SourceDate "2021.10.06"]
[SourceVersion "1"]
[SourceVersionDate "2021.10.06"]
[SourceQuality "1"]
[WhiteTeam "Damak Municipality"]
[BlackTeam "Lalitpur Metropolitan City"]
[WhiteTeamCountry "NEP"]
[BlackTeamCountry "NEP"]

1. e4 c5 2. Nc3 d6 3. f4 Nf6 4. Nf3 g6 5. Bb5+ Bd7 6. Bc4 Bc6 7. d3 Bg7 8. 0-0 0-0 9. Qe1 e6 10. Bb3 b5 11. f5 exf5 12. exf5 d5 13. a4 b4 14. Nd1 Nbd7 15. Qh4 Rc8 16. Bg5 c4 17. Ba2 Bxa4 18. fxg6 fxg6 19. dxc4 Bxc2 20. cxd5 b3 21. Bb1 Qe7 22. Ne3 Qc5 23. Qh3 Rce8 24. Ne1 Ne4 25. Rxf8+ Nxf8 26. Bh4 Bxb2 0-1

[Event "Jiri op"]
[Site "Jiri"]
[Date "2020.11.20"]
[Round "3"]
[White "Nepali, Badrilal"]
[Black "Thapa, Rabindra Bahadur"]
[Result "1-0"]
[WhiteElo "1976"]
[BlackElo "1716"]
[PlyCount "51"]
[EventDate "2020.11.19"]
[EventType "swiss"]
[EventRounds "7"]
[EventCountry "NEP"]
[SourceTitle "EXT 2022"]
[Source "ChessBase"]
[SourceDate "2021.10.06"]
[SourceVersion "1"]
[SourceVersionDate "2021.10.06"]
[SourceQuality "1"]

1. Nf3 b6 2. c4 Bb7 3. Nc3 e6 4. g3 Bxf3 5. exf3 Nf6 6. d4 Bb4 7. Bg2 c6 8. 0-0 Bxc3 9. bxc3 Na6 10. Ba3 c5 11. f4 Rb8 12. Qa4 Qc8 13. f5 0-0 14. Bc1 d5 15. Bf4 Ra8 16. Be5 Rd8 17. fxe6 fxe6 18. Rfe1 Kf7 19. cxd5 exd5 20. Bxf6 gxf6 21. Qd1 Qf5 22. Qe2 c4 23. Qe7+ Kg6 24. Qb7 Qc8 25. Bxd5 Rb8 26. Qf7+ 1-0

[Event "Asia rap (Men) 16th"]
[Site "Guangzhou"]
[Date "2010.11.16"]
[Round "9"]
[White "Kojima, Shinya"]
[Black "Nepali, Badrilal"]
[Result "1-0"]
[WhiteElo "2329"]
[BlackElo "2102"]
[PlyCount "95"]
[EventDate "2010.11.13"]
[EventType "swiss (rapid)"]
[EventRounds "9"]
[EventCountry "CHN"]
[SourceTitle "EXT 2011"]
[Source "ChessBase"]
[SourceDate "2010.11.26"]
[SourceVersion "1"]
[SourceVersionDate "2010.11.26"]
[SourceQuality "1"]

1. e4 c5 2. c3 d5 3. exd5 Qxd5 4. d4 Nf6 5. Nf3 Bg4 6. Nbd2 e6 7. Bc4 Qd6 8. Qa4+ Nbd7 9. Bb5 Bxf3 10. Nxf3 cxd4 11. 0-0 a6 12. Rd1 Rd8 13. Be2 b5 14. Qc2 Qc7 15. Nxd4 Bd6 16. g3 0-0 17. a4 bxa4 18. Bxa6 Nc5 19. Bf1 Be7 20. Bg2 Nd5 21. Bd2 Qb6 22. c4 Nb3 23. Nxb3 axb3 24. Qe4 Nb4 25. Bc3 Nc2 26. Rab1 Bc5 27. Qe2 Rxd1+ 28. Rxd1 Rd8 29. Rxd8+ Qxd8 30. h4 Nd4 31. Qe5 Qb6 32. h5 f6 33. Qe1 Qd6 34. Qd2 Qe5 35. Kf1 Kf7 36. h6 g5 37. Qd3 f5 38. Bf3 Kg6 39. Bd1 Kxh6 40. Bxb3 Kg6 41. Bd1 Kf7 42. Bf3 Kg6 43. Bd1 Kh6 44. Bb3 Kg6 45. Bd1 Qd6 46. b4 Ba7 47. c5 Qd5 48. Qxd4 1-0

[Event "Asia rap (Men) 16th"]
[Site "Guangzhou"]
[Date "2010.11.15"]
[Round "7"]
[White "Nepali, Badrilal"]
[Black "Mohammad, Samir"]
[Result "0-1"]
[WhiteElo "2102"]
[BlackElo "2361"]
[PlyCount "82"]
[EventDate "2010.11.13"]
[EventType "swiss (rapid)"]
[EventRounds "9"]
[EventCountry "CHN"]
[SourceTitle "EXT 2011"]
[Source "ChessBase"]
[SourceDate "2010.11.26"]
[SourceVersion "1"]
[SourceVersionDate "2010.11.26"]
[SourceQuality "1"]

1. e4 c5 2. Nf3 e6 3. d4 cxd4 4. Nxd4 Nc6 5. Nc3 Qc7 6. Be3 a6 7. Bd3 Nf6 8. 0-0 Ne5 9. h3 Bc5 10. Kh1 d6 11. Qe1 0-0 12. f4 Ng6 13. f5 Ne5 14. Qh4 Qd8 15. Rae1 Bd7 16. g4 Nxd3 17. cxd3 e5 18. Nc2 Bxe3 19. Nxe3 h6 20. Rg1 Bc6 21. g5 Nh7 22. Ncd5 hxg5 23. Qh5 f6 24. h4 Be8 25. Qg4 Kf7 26. Qh5+ Kg8 27. Qd1 Bf7 28. Qc2 gxh4 29. Rg4 Ng5 30. Rf1 h3 31. Qh2 Rc8 32. Rxg5 fxg5 33. Qxh3 Bxd5 34. Nxd5 Rf6 35. Qe3 g4 36. Kg2 Rc2+ 37. Rf2 Rxf2+ 38. Kxf2 Rh6 39. Ke2 Rh2+ 40. Kd1 Qh4 41. f6 Rg2 0-1

[Event "United Insurance 11th"]
[Site "Dhaka"]
[Date "2009.08.25"]
[Round "6"]
[White "Ahmed, Sk Nasir"]
[Black "Nepali, Badrilal"]
[Result "1-0"]
[WhiteElo "2291"]
[BlackElo "2162"]
[PlyCount "147"]
[EventDate "2009.08.21"]
[EventType "swiss"]
[EventRounds "10"]
[EventCountry "BAN"]
[SourceTitle "CBM 131 Extra"]
[Source "ChessBase"]
[SourceDate "2009.09.03"]
[SourceVersion "2"]
[SourceVersionDate "2009.09.16"]
[SourceQuality "1"]

1. b3 d5 2. Nf3 c5 3. e3 Nc6 4. Bb5 Nf6 5. Bb2 e6 6. 0-0 Bd6 7. c4 0-0 8. Bxc6 bxc6 9. d3 Re8 10. Re1 e5 11. e4 d4 12. Nbd2 g6 13. Nf1 Nh5 14. Bc1 Ng7 15. h3 Ne6 16. Bd2 a5 17. a4 Qf6 18. Qc1 Bd7 19. Re2 Rab8 20. Rb1 Nf4 21. Bxf4 exf4 22. Qe1 Bc7 23. N1h2 h5 24. h4 Rb4 25. Qd2 Reb8 26. Qc2 Qe7 27. Nf1 Be5 28. N1d2 Bg4 29. Nxe5 Qxe5 30. f3 Be6 31. Kf2 Kf8 32. Rh1 Ke7 33. Ke1 Rg8 34. Kd1 Rbb8 35. Kc1 g5 36. hxg5 Rxg5 37. Qd1 Rbg8 38. Qg1 Qb8 39. Rh2 Qb4 40. Qd1 h4 41. Qc2 h3 42. gxh3 Qa3+ 43. Qb2 Rg1+ 44. Kc2 Qb4 45. h4 Kf8 46. h5 Kg7 47. Nb1 Kh6 48. Qa3 Qb6 49. Nd2 R8g5 50. Rh4 Qc7 51. Kb2 Qe5 52. Ka2 Rd1 53. Qb2 Rgg1 54. Rhh2 Qb8 55. Reg2 Rge1 56. Re2 Rxe2 57. Rxe2 Qb4 58. Nb1 Rxd3 59. Nd2 Qc3 60. Rf2 f6 61. Kb1 Bf7 62. Qxc3 dxc3 63. Nf1 Bxh5 64. Nh2 Kg5 65. Kc2 Re3 66. Rg2+ Kh4 67. Ng4 Rxf3 68. Nxf6 Kh3 69. Rg7 Rg3 70. Rh7 Rg5 71. Rxh5+ Rxh5 72. Nxh5 f3 73. Nf4+ Kg4 74. Nd3 1-0

[Event "Paleochora op 2nd"]
[Site "Paleochora"]
[Date "2009.07.28"]
[Round "9"]
[White "Nepali, Badrilal"]
[Black "Venkatesh, Marani Rajendran"]
[Result "0-1"]
[WhiteElo "2162"]
[BlackElo "2426"]
[PlyCount "54"]
[EventDate "2009.07.21"]
[EventType "swiss"]
[EventRounds "9"]
[EventCountry "GRE"]
[SourceTitle "CBM 131 Extra"]
[Source "ChessBase"]
[SourceDate "2009.09.03"]
[SourceVersion "2"]
[SourceVersionDate "2009.09.16"]
[SourceQuality "1"]

1. e4 c5 2. Nf3 Nc6 3. d4 cxd4 4. Nxd4 e6 5. Nc3 Qc7 6. Be3 a6 7. Bd3 Nf6 8. 0-0 Nxd4 9. Bxd4 Bc5 10. Bxc5 Qxc5 11. Kh1 d6 12. f4 e5 13. Qe1 Be6 14. Qg3 Nh5 15. Qg5 Nxf4 16. Qxg7 0-0-0 17. g3 Bh3 18. Rxf4 exf4 19. Qh6 Be6 20. Qxf4 h5 21. Rf1 h4 22. g4 h3 23. Be2 Rdg8 24. Rd1 Rh4 25. Nd5 Bxg4 26. Ne7+ Kb8 27. Nxg8 Bxe2 0-1